Me and Julio Down By The Schoolyard - Paul Simon - Statistics

General Stats
  • This quiz has been taken 30 times
  • The average score is 188 of 224
Answer Stats
Answer % Correct
a
100%
And
100%
and
100%
of
100%
The
100%
the
100%
by
96%
down
96%
he
96%
I
96%
Julio
96%
me,
96%
me
96%
schoolyard
96%
Corona
93%
in
93%
Queen
93%
to
93%
don’t
89%
I’m
89%
know
89%
mama
89%
on
89%
papa
89%
We
89%
When
89%
when
89%
bed
85%
going
85%
It
85%
it
85%
my
85%
out
85%
out,
85%
police
85%
rolled
85%
Rosie,
85%
said
85%
she
85%
station
85%
way
85%
Well
85%
where
85%
began
81%
boy,
81%
but
81%
But
81%
detention
81%
get
81%
gonna
81%
Goodbye
81%
him
81%
house
81%
pajama
81%
shout
81%
that
81%
time
81%
found
78%
investigation
78%
started
78%
stick
78%
taking
78%
was
78%
Every
70%
ground
70%
mentioned
70%
name
70%
ran
70%
What
70%
against
67%
cover
67%
gets
67%
if
67%
law
67%
Newsweek
67%
saw,
67%
spit
67%
come
63%
story
63%
all
59%
away
59%
couple
59%
days,
59%
let
59%
looked
59%
radical
59%
See
59%
leak
56%
press
56%
take
56%
they
56%
priest
52%
released
52%
Woah,
41%
you,
33%
“Oi,
26%
Now
22%
No matching quizzes found
Score Distribution
Percent of People with Each Score
Percentile by Number Answered
Your Score History
You have not taken this quiz